| 000 | 00000nam##2200000za#4500 |
| 001 | 9.699764 |
| 003 | CaOODSP |
| 005 | 20210625000528 |
| 007 | cr ||||||||||| |
| 008 | 150407|1982||||xxc|||||o f|0| 0 eng|d |
| 040 | |aCaOODSP|beng |
| 043 | |an-cn--- |
| 086 | 1 |aFs23-18/1982E-PDF |
| 110 | 1 |aCanada. |bDepartment of Fisheries and Oceans. |
| 245 | 10|aTurning the tide : |h[electronic resource]|ba new policy for Canada's Pacific fisheries : the Commission on Pacific Fisheries Policy final report / |cPeter H. Pearse, commissioner. |
| 246 | 10|aThe Commission on Pacific Fisheries Policy final report |
| 260 | |aVancouver - British Columbia : |bFisheries and Oceans Canada |cSeptember 1982. |
| 300 | |a161, 98, 28p.|bgraphs, organization chart, tables, index |
| 500 | |aHistorical publication digitized in 2010 by Privy Council Office of Canada. |
| 590 | |a15-04-Supp|b2015-03-19 |
| 690 | 07|aCommissions of inquiry|2gcpds |
| 690 | 07|aFisheries policy|2gcpds |
| 775 | 08|tPour remonter le courant : |w(CaOODSP)9.643740 |
| 856 | 40|ahttp://publications.gc.ca|qPDF|s15.29 MB|uhttps://publications.gc.ca/collections/collection_2014/mpo-dfo/Fs23-18-1982-1-eng.pdf |
| 856 | 40|ahttp://publications.gc.ca|qPDF|s8.72 MB|uhttps://publications.gc.ca/collections/collection_2014/mpo-dfo/Fs23-18-1982-2-eng.pdf |
| 856 | 40|ahttp://publications.gc.ca|qPDF|s1.15 MB|uhttps://publications.gc.ca/collections/collection_2014/mpo-dfo/Fs23-18-1982-3-eng.pdf |